Statistiche per 12 x 12 Tabella di Moltiplicazione - un minuto sprint

Clicka qui per fare il quiz!

Statistiche generali

  • Questo quiz è stato fatto 1.877 volte
  • Il punteggio medio è 92 su 144

Statistiche sulle risposte

Risposta% Corretto
1
100%
2
100%
3
100%
4
100%
5
99%
6
99%
7
99%
8
99%
9
99%
10
98%
12
97%
20
92%
14
91%
24
90%
11
88%
18
88%
16
87%
30
85%
15
83%
22
80%
40
75%
21
74%
36
74%
25
69%
27
66%
28
66%
33
63%
50
62%
35
61%
60
60%
32
58%
45
55%
44
53%
48
51%
55
50%
42
39%
70
38%
90
35%
80
33%
100
32%
66
31%
72
28%
54
27%
49
25%
56
24%
77
22%
88
22%
110
21%
120
20%
99
20%
63
17%
121
15%
144
15%
64
15%
81
15%
84
10%
96
9%
132
7%
108
6%

Distribuzione punteggi

Percentile per numero di risposta

Percentuale di utenti per punteggio

I tuoi punteggi nel tempo

Non hai fatto questo quiz